[Event "Pontevedra op 2nd"]
[Site "Pontevedra"]
[Date "2014.08.10"]
[Round "4"]
[White "Puga, Villarino Eloy"]
[Black "Rey Malde, Henrique"]
[Result "0-1"]
[WhiteElo "1898"]
[BlackElo "1989"]
[PlyCount "90"]
[EventDate "2014.08.07"]
[EventType "swiss"]
[EventRounds "9"]
[EventCountry "ESP"]
[SourceTitle "CBM 162 Extra"]
[Source "ChessBase"]
[SourceDate "2014.10.17"]
[SourceVersion "1"]
[SourceVersionDate "2014.10.17"]
[SourceQuality "1"]

1. e4 c5 2. Nf3 e6 3. d3 a6 4. g3 b5 5. Bg2 Bb7 6. 0-0 d6 7. Re1 Nf6 8. c3 Be7 9. Nbd2 0-0 10. d4 cxd4 11. cxd4 Nc6 12. b3 Qb6 13. Bb2 Nb4 14. e5 dxe5 15. Nxe5 Bxg2 16. Kxg2 Rac8 17. Re2 Nc2 18. Rc1 Nxd4 19. Bxd4 Qxd4 20. Ndf3 Qxd1 21. Rxd1 Nd5 22. Rd3 Rfd8 23. Red2 h5 24. h4 Bf6 25. a3 Rd6 26. Kf1 Rc1+ 27. Kg2 Rc8 28. Kf1 Rcd8 29. Ke2 Bxe5 30. Nxe5 f6 31. Nf3 e5 32. Ne1 e4 33. Rd4 Nc3+ 34. Ke3 Rxd4 35. Rxd4 Nd1+ 36. Kxe4 Re8+ 37. Kf5 Rxe1 38. Kg6 Kf8 39. f4 Rg1 40. Kxh5 Nf2 41. Rd6 Rxg3 42. Rxa6 Nd3 43. Ra8+ Kf7 44. Ra7+ Kg8 45. a4 Nxf4# 0-1

[Event "Pontevedra op 2nd"]
[Site "Pontevedra"]
[Date "2014.08.08"]
[Round "2"]
[White "Puga, Villarino Eloy"]
[Black "Gonzalez Diaz, Julio"]
[Result "1/2-1/2"]
[WhiteElo "1898"]
[BlackElo "2286"]
[PlyCount "157"]
[EventDate "2014.08.07"]
[EventType "swiss"]
[EventRounds "9"]
[EventCountry "ESP"]
[SourceTitle "CBM 162 Extra"]
[Source "ChessBase"]
[SourceDate "2014.10.17"]
[SourceVersion "1"]
[SourceVersionDate "2014.10.17"]
[SourceQuality "1"]

1. e4 d6 2. d4 Nf6 3. Nc3 g6 4. f4 Bg7 5. Nf3 c5 6. Bb5+ Bd7 7. e5 Ng4 8. Bxd7+ Qxd7 9. d5 dxe5 10. h3 e4 11. Nxe4 Nf6 12. Nxf6+ Bxf6 13. 0-0 0-0 14. c4 b5 15. Ne5 Qd6 16. Qf3 Nd7 17. Nxd7 Qxd7 18. f5 bxc4 19. Bh6 Bxb2 20. Rad1 Qxf5 21. Qxf5 gxf5 22. Bxf8 Kxf8 23. Rxf5 Bd4+ 24. Kf1 Rb8 25. Rc1 c3 26. Rf3 Rb2 27. a3 Rb3 28. a4 Ra3 29. Rc2 Rxa4 30. Ke2 f6 31. g4 h6 32. Rf1 Be5 33. Rb1 Re4+ 34. Kf3 Rb4 35. Ra1 Rb2 36. Ra2 a5 37. Ke2 a4 38. Kd1 Rb1+ 39. Ke2 Rb4 40. Kd1 Rd4+ 41. Ke2 Rb4 42. Ra1 Re4+ 43. Kd1 Rd4+ 44. Ke2 Kf7 45. Raa2 Kg6 46. Rxc3 Rxd5 47. Rc4 Bd4 48. Rcxa4 Re5+ 49. Kf3 Re3+ 50. Kg2 Rc3 51. R4a3 Rc1 52. Rf3 c4 53. Rf4 Be5 54. Rf1 Rxf1 55. Kxf1 c3 56. Ra4 Kg5 57. Kg2 h5 58. Kf3 Kg6 59. Rc4 Kg5 60. Ra4 Kh6 61. Rc4 Kg6 62. Ra4 Kg5 63. Rc4 e6 64. Ra4 f5 65. gxf5 Kxf5 66. Rc4 Bf6 67. Rc5+ Kg6 68. Ke4 h4 69. Rc6 Kf7 70. Rc7+ Ke8 71. Kd3 Be5 72. Rh7 Bf6 73. Rc7 Kf8 74. Rh7 Kg8 75. Rc7 Kf8 76. Rh7 Ke8 77. Rc7 Kd8 78. Rh7 Ke8 79. Rc7 1/2-1/2

[Event "Roseto op 6th"]
[Site "Roseto"]
[Date "2014.06.02"]
[Round "6"]
[White "Puga, Villarino Eloy"]
[Black "Bria, Simone"]
[Result "1-0"]
[WhiteElo "1840"]
[BlackElo "1815"]
[PlyCount "43"]
[EventDate "2014.05.30"]
[EventType "swiss"]
[EventRounds "6"]
[EventCountry "ITA"]
[SourceTitle "EXT 2016"]
[Source "ChessBase"]
[SourceDate "2015.10.08"]
[SourceVersion "1"]
[SourceVersionDate "2015.10.08"]
[SourceQuality "1"]

1. e4 c5 2. Nf3 d6 3. Bb5+ Bd7 4. Bxd7+ Qxd7 5. 0-0 Nc6 6. Qe2 Nf6 7. Rd1 e5 8. c3 Be7 9. d4 Qg4 10. d5 Nd8 11. Nbd2 0-0 12. h3 Qd7 13. a4 b6 14. Nf1 Nb7 15. Ng3 g6 16. Nh2 Rfe8 17. h4 Bf8 18. Bg5 Bg7 19. Qf3 Nh5 20. Nxh5 gxh5 21. Qxh5 Na5 22. Ng4 1-0

[Event "Roseto op 6th"]
[Site "Roseto"]
[Date "2014.06.01"]
[Round "4"]
[White "Puga, Villarino Eloy"]
[Black "Baltzopoulos, Giorgos"]
[Result "0-1"]
[WhiteElo "1840"]
[BlackElo "2003"]
[PlyCount "172"]
[EventDate "2014.05.30"]
[EventType "swiss"]
[EventRounds "6"]
[EventCountry "ITA"]
[SourceTitle "EXT 2016"]
[Source "ChessBase"]
[SourceDate "2015.10.08"]
[SourceVersion "1"]
[SourceVersionDate "2015.10.08"]
[SourceQuality "1"]

1. e4 c5 2. Nf3 d6 3. Bb5+ Nd7 4. c3 Ngf6 5. Qe2 a6 6. Ba4 b5 7. Bc2 g6 8. 0-0 Bg7 9. d4 0-0 10. e5 Nd5 11. e6 N7b6 12. Ng5 f5 13. Re1 cxd4 14. cxd4 Bxd4 15. Bb3 Qc7 16. Nf7 Rxf7 17. exf7+ Kxf7 18. Nc3 Bxc3 19. bxc3 e5 20. Qd2 Be6 21. Qh6 Kg8 22. Bg5 Rc8 23. Rad1 Qg7 24. Qh4 Rxc3 25. Bh6 Qd7 26. Re2 Rc8 27. Red2 f4 28. h3 Qf7 29. Bg5 Nc4 30. Bxc4 bxc4 31. g3 c3 32. Rd3 c2 33. Rc1 Qf5 34. Rd2 Nb4 35. Qg4 Qxg4 36. hxg4 fxg3 37. fxg3 Nxa2 38. Rcxc2 Rxc2 39. Rxc2 Nb4 40. Rc7 a5 41. Ra7 Nc6 42. Rc7 Nd4 43. Bf6 Bxg4 44. Rg7+ Kf8 45. Rxh7 a4 46. Kf2 a3 47. Ra7 Nb5 48. Ra5 Bd7 49. Bg5 Kf7 50. Bc1 Ke6 51. Bxa3 Nxa3 52. Rxa3 Bc6 53. Ke3 d5 54. Ra6 Kd6 55. Ra7 d4+ 56. Kd3 Bd7 57. Ra6+ Kd5 58. Ra5+ Ke6 59. Ra6+ Kf5 60. g4+ Kxg4 61. Rxg6+ Kf4 62. Rg7 Bf5+ 63. Kd2 e4 64. Rg8 e3+ 65. Ke1 d3 66. Rd8 Ke4 67. Re8+ Kf3 68. Rd8 Ke4 69. Re8+ Kd4 70. Rd8+ Ke5 71. Re8+ Be6 72. Rd8 Bd5 73. Re8+ Kd4 74. Rd8 Kc4 75. Rc8+ Kd4 76. Rd8 Kc5 77. Rc8+ Bc6 78. Rd8 Bb5 79. Rc8+ Kd4 80. Rd8+ Kc3 81. Kd1 Ba4+ 82. Ke1 Bb3 83. Rc8+ Bc4 84. Rd8 d2+ 85. Rxd2 exd2+ 86. Kd1 Bb3+ 0-1

[Event "Roseto op 6th"]
[Site "Roseto"]
[Date "2014.05.31"]
[Round "3"]
[White "Colantuono, Virginia"]
[Black "Puga, Villarino Eloy"]
[Result "1/2-1/2"]
[WhiteElo "1943"]
[BlackElo "1840"]
[PlyCount "68"]
[EventDate "2014.05.30"]
[EventType "swiss"]
[EventRounds "6"]
[EventCountry "ITA"]
[SourceTitle "EXT 2016"]
[Source "ChessBase"]
[SourceDate "2015.10.08"]
[SourceVersion "1"]
[SourceVersionDate "2015.10.08"]
[SourceQuality "1"]

1. Nf3 Nf6 2. g3 d6 3. Bg2 e5 4. c4 g6 5. Nc3 Bg7 6. 0-0 0-0 7. d4 Nbd7 8. b3 Re8 9. Bb2 c6 10. d5 c5 11. e4 a6 12. Qd3 Rb8 13. a4 b6 14. Rae1 Nh5 15. Bc1 Nf8 16. Nh4 Rb7 17. Bf3 Bh3 18. Ng2 Nf6 19. Bd1 Rbe7 20. f3 Nh5 21. Rf2 h6 22. Ne3 Nh7 23. Ng4 Ng5 24. Bxg5 hxg5 25. Qe3 Rb7 26. Rb2 f5 27. Nf2 f4 28. Qd2 Bd7 29. g4 Nf6 30. Be2 Kf7 31. Nh3 Nh7 32. Reb1 a5 33. Nb5 Bxb5 34. axb5 Rh8 1/2-1/2

[Event "Rome Lazio op 2nd"]
[Site "Rome"]
[Date "2014.01.03"]
[Round "2"]
[White "Pierangeli, Andrea"]
[Black "Puga, Villarino Eloy"]
[Result "1-0"]
[WhiteElo "1926"]
[BlackElo "1825"]
[PlyCount "68"]
[EventDate "2014.01.02"]
[EventType "swiss"]
[EventRounds "7"]
[EventCountry "ITA"]
[SourceTitle "EXT 2015"]
[Source "ChessBase"]
[SourceDate "2014.11.20"]
[SourceVersion "1"]
[SourceVersionDate "2014.11.20"]
[SourceQuality "1"]

1. e4 c6 2. d4 d5 3. Nc3 dxe4 4. Nxe4 Bf5 5. Ng3 Bg6 6. Nf3 Nd7 7. Nh4 Qc7 8. Nxg6 hxg6 9. Be3 Ngf6 10. h3 0-0-0 11. Qf3 Nd5 12. 0-0-0 Nxe3 13. fxe3 e6 14. Ne4 Nb6 15. Bd3 Be7 16. Qxf7 Nd5 17. Qxe6+ Kb8 18. Rhe1 Qa5 19. Bc4 Rhe8 20. Qxg6 Bh4 21. Re2 Qb4 22. Bxd5 cxd5 23. Nc3 Re7 24. a3 Qa5 25. Kb1 Bf6 26. Qd3 a6 27. Rf1 Rc7 28. Na2 Rc4 29. Rf5 Qc7 30. Nb4 Qf7 31. Ref2 Rc7 32. Qb3 Qe6 33. Nxd5 Rc6 34. Nxf6 gxf6 1-0

[Event "Rome Lazio op 2nd"]
[Site "Rome"]
[Date "2014.01.02"]
[Round "1"]
[White "Puga, Villarino Eloy"]
[Black "Simeone, Giulio"]
[Result "0-1"]
[WhiteElo "1825"]
[BlackElo "2018"]
[PlyCount "83"]
[EventDate "2014.01.02"]
[EventType "swiss"]
[EventRounds "7"]
[EventCountry "ITA"]
[SourceTitle "EXT 2015"]
[Source "ChessBase"]
[SourceDate "2014.11.20"]
[SourceVersion "1"]
[SourceVersionDate "2014.11.20"]
[SourceQuality "1"]

1. e4 d6 2. d4 Nf6 3. Nc3 g6 4. f3 c6 5. Bc4 b5 6. Bb3 Qc7 7. Be3 Bg7 8. Qd2 b4 9. Na4 a5 10. Ne2 Ba6 11. 0-0 0-0 12. c4 Nbd7 13. c5 e5 14. Rfd1 exd4 15. Bxd4 Rfd8 16. Qe3 d5 17. Ng3 Re8 18. Nb6 Rad8 19. Nxd7 Rxd7 20. e5 Rde7 21. Qg5 Nd7 22. f4 Qd8 23. Rd2 Re6 24. Qxd8 Rxd8 25. a3 Bb5 26. axb4 axb4 27. Ra7 Bh6 28. Rf2 Bf8 29. Rc2 Bd3 30. Rc1 Bh6 31. Rd1 Bb5 32. Be3 Nxe5 33. Bd2 Nd3 34. f5 gxf5 35. Bxh6 Rxh6 36. Nxf5 Rf6 37. Nd6 Nxc5 38. Nxb5 Nxb3 39. Nc7 Rd7 40. Nxd5 Rxd5 41. Rxd5 cxd5 42. Rd7 0-1